000 01453nam a2200313 4500
003 EC-UNACH
005 20251105135554.0
006 s||||gr|||| 00| 00
008 150116t9999 mx r gr 000 0 spa d
020 _a978-9942-02-725-2
040 _aEC-UNACH
_cEC-UNACH
041 _aspa
082 0 4 _223
_a333.7
_bL017943
110 _aEditorial Ecuador
245 _aReciclaje y tratamiento biológico de los residuos sólidos municipales
250 _aPrimera edición
264 _aQuito - Ecuador
_bEditorial Ecuador
_c2010
300 _a323 páginas
_btablas, Ilustraciones, cuadros
505 _aCapítulo1. Definición y clasificación de los residuos sólidos Municipales (RSM). -- Capítulo 2. Almacenamiento y recolección. -- Capítulo 3. Caracterización de los residuos. -- Capítulo 4. Procesamiento. -- Capítulo 5. Reciclaje – Plantas de recuperación de materiales (PROM). -- Capítulo 6. Uso de la materia orgánica como enmienda para el suelo. -- Capítulo 7. Compostaje. -- Capítulo 8. Productos y mercados. -- Capítulo 9. Biogasificación. -- Capítulo 10. Manejo integral de los residuos.
650 _aMANIPULACIÓN DE MATERIALES
650 _aRESIDUOS GENERADOS
650 _aFACTORES MEDIAMBIENTALES
700 _aDíaz, Luis
700 _aDe Janon, Carmen Elena
942 _2ddc
_c1
999 _c14140